000 00364nam a2200145Ia 4500
008 221030s9999 xx 000 0 und d
041 _aEnglish
082 _a105.23
100 _aSubash Metha
245 0 _aWheeler`s Understading & Using Series - Word 7
_cby Subash Metha, Ramesh Bangia
260 _c0
650 _aB
700 _aRamesh Bangia
942 _cBK
999 _c13174
_d13174